| 000 | 00838nas a2200265 4500 | ||
|---|---|---|---|
| 001 | BR0304858 | ||
| 003 | BR-BrBNA | ||
| 005 | 20231205104102.0 | ||
| 007 | ta | ||
| 008 | 230509b bl.|||p| |||| 00| 00por d | ||
| 040 |
_aBR-BrBNA _bpor _cBiblioteca Nacional de Agricultura |
||
| 041 | _a(Pt) | ||
| 072 | _aH20 | ||
| 100 | 1 | _aButignol, C.A. | |
| 100 | 1 | _aPedrosa-Macedo, J.H. | |
| 245 | 1 | _aPreferência do galhador folhar Neotrioza tavaresi em diferentes estádios de desenvolvimento de brotações de araçazeiro (Psidium cattleianum) | |
| 650 | _aARAÇÁ | ||
| 650 | _aGALHA | ||
| 650 | _aREGENERAÇÃO NATURAL | ||
| 650 | _aBROTAÇÃO | ||
| 650 | _aPARANÁ | ||
| 773 | 0 |
_tFloresta (Brazil) _xISSN 0015-3826 _g(Jan-Jun 2002), v. 32(1) p. 89-95 _wBR0304858 |
|
| 909 |
_a202311 _bLúcia _c55 _dLúcia Elande |
||
| 942 |
_2AGRIS _n0 _cANA |
||
| 999 |
_c176273 _d176273 |
||